000 00398nam a2200145Ia 4500
008 211109s9999||||xx |||||||||||||| ||und||
082 _a338.5
_bRAY-I
100 _aRay, N C
245 0 _aIntroduction to Microeconomics
260 _bMACMILLAN INDIA LTD
_aNEW DELHI
_c1975
300 _a444p.
630 _xGENERAL STACK
650 _aSocial Science
_vEconomics
_xProductionEconomics
942 _cBOOK
999 _c40032
_d40032